| 000 | 00480nab a2200157Ia 4500 | ||
|---|---|---|---|
| 003 | ES-SlBCS | ||
| 005 | 20210601125423.0 | ||
| 008 | 140529s1975 xxu||||| |||| 00| 0 eng d | ||
| 041 | _aeng | ||
| 100 | 1 |
_aKaufman, Gershen _9157970 |
|
| 245 | 0 | 2 |
_aA Sexual Enrichment Program for Couples _c Gershen Kaufman, Judy Krupka |
| 650 | 0 | 4 |
_aTerapia Sexual _9158245 |
| 700 | 1 |
_aKrupka, Judy _9158246 |
|
| 773 | 0 |
_tPsychotherapy _gvol. 12, nº. 3, 1975, págs. 317-319 _wRev840 |
|
| 942 | _cAR | ||
| 999 |
_c530059 _d530059 |
||